00384nam a22001217a 4500003000500000038001800005082000800023100001900031245008300050264003500133650003700168856005700205NUST aNusrat Nadeem a200 aKhalid, Fahad  aDesign and Development of wideband Intelligent Antenna System/c Fahad Khalid, aIslamabad:bSEECS NUST.c2025. aSupervisor: Dr. Nosherwan Shoaib uhttp://10.250.8.41:8080/xmlui/handle/123456789/55498